000 01691nam a22002417a 4500
003 Uzh_bibl
008 260525b |||||||| |||| 00| 0 ukr d
020 _a978-1-4052-5594-3
_c100.00
040 _bукр.
041 _2eng
_aeng
080 _a821(410)
090 _a821(410)
_bМ 83
100 _a Morpurgo, Michael
245 _aWar Horse
_hText
260 _aLondon
_bKaye Ward Ltd
_c2010
300 _a182 s.
520 _a Before the Steven Spielberg film, before the National Theatre production, there was the classic children’s novel – War Horse.From the nation’s favourite storyteller, Michael Morpurgo. In the deadly chaos of the First World War, one horse witnesses the reality of battle from both sides of the trenches. Bombarded by artillery, with bullets knocking riders from his back, Joey tells a powerful story of the truest friendships surviving in terrible times. One horse has the seen the best and the worst of humanity. The power of war and the beauty of peace. This is his story. War Horse was adapted by Steven Spielberg as a major motion picture with Jeremy Irvine, Emily Watson, and Benedict Cumberbatch. The National Theatre production opened in 2007 and has enjoyed successful runs in the West End and on Broadway. A great way of introducing young readers to the realities of WWI. Look out for Morpurgo’s other war fiction including Friend or Foe, Waiting for Anya, King of the Cloud Forests and An Eagle in the Snow.
521 _aДля підлітків
525 _aДля старшого шкільного віку
546 _aукр.
650 _aЛітературно-художне видання
942 _2udc
_cBK
999 _c17949
_d17949